Βασιλική Κοσκινιώτου : ίχνη κλίμακας και άλλα ερωτικά.

Αποθηκεύτηκε σε:
Λεπτομέρειες βιβλιογραφικής εγγραφής
Κύριος συγγραφέας: Κοσκινιώτου, Βασιλική
Μορφή: Βιβλίο
Γλώσσα:Greek
Δημοσίευση: Αθήνα : Μεταίχμιο, 2008.
Θέματα:
Ετικέτες: Προσθήκη ετικέτας
Δεν υπάρχουν, Καταχωρήστε ετικέτα πρώτοι!

MARC

LEADER 00000cam a2200000 a 4500
001 1/111380
008 160720s2008####gr | ||| |||| ||gre||
040 |a GR-MyUa  |b gre  |c GR-MyUa  |e AACR2 
041 0 |a gre  |a gre 
082 7 |a 700.92   |2 (23)  
100 1 |a Κοσκινιώτου, Βασιλική. 
245 1 0 |a Βασιλική Κοσκινιώτου :   |b ίχνη κλίμακας και άλλα ερωτικά.  
260 |a Αθήνα :   |b Μεταίχμιο,   |c 2008.  
300 |a 39 σ. :   |b εικ. ;   |c 24 εκ.  
500 |a Κατάλογος έκθεσης, Πολυχώρος Μεταίχμιο, 9 Απρ - 10 Μαΐ 2008.  
600 1 7 |2 nlgaf  |a Κοσκινιώτου, Βασιλική  |v Exhibitions. 
852 |a INST  |b SYROS  |e 20160720  |h 700.92 ΚΟΣ  |p 005500008054  |q 005500008054  |t BK  |y 0 
970 |a Κοντού  |b Παρασκευή  |z 20/07/2016